| 000 | 00340nam a22001217a 4500 | ||
|---|---|---|---|
| 082 |
_a621.852 _bDAW _cL-24, P-4 |
||
| 100 |
_aDawson, j. _941963 |
||
| 245 |
_aBelting and its applications _cDawson, j. |
||
| 260 |
_aLondon _bChaipman & Hall,s _c1830,1930 |
||
| 526 |
_a0 _b0 _c0 _d621_852000000000000_DAW |
||
| 650 |
_aMCE _9379 |
||
| 942 |
_2ddc _cBK |
||
| 999 |
_c545982 _d545982 |
||